Anuário estatístico de Portugal (Registo nº 1271)

Detalhes MARC
000 -Etiqueta do registo
Cabeçalho 00896cas a2200313 4500
011 ## - Número internacional normalizado das publicações em série (ISSN) 
Número (ISSN) 0871-8741
005 - Identificador da versão
Campo de controlo 20240813121831.0
095 ## -
-- PTBN00347245
021 ## - Número do Depósito Legal
Código do país PT
Número 47984/91
100 ## - Dados gerais de processamento
Dados gerais de processamento 19911010a19909999k y0pory5003 ba
102 ## - Pais de publicação ou produção
País de publicação Portugal
110 ## - Campo de dados codificados: Publicações em Série
Dados codificados das publicações em série akaii..0yy0
101 0# - Língua de publicação
Língua do texto, banda sonora, etc. Português
106 ## - Campo de dados codificados: material textual
Dados codificados do material textual r
215 ## - Descrição física 
Indicação específica da natureza do documento e extensão da espécie 574 p.
Dimensões 30 cm
200 1# - Titulo e menção de responsabilidade
Título próprio Anuário estatístico de Portugal
Título paralelo Annuaire statistique du Portugal
Primeira menção de responsabilidade propr. Instituto Nacional de Estatística
Outras menções de responsabilidade dir. Manuel José Vilares
210 ## - Publicação, Distribuição, etc. 
Lugar da edição, distribuição, etc. Lisboa
Nome do editor, distribuidor, etc. I.N.E.
Data da publicação, distribuição, etc. 1990-
207 #0 - Publicações em Série - Numeração
Numeração: indicação de datas e volumes 1990-
326 ## - Nota de periodicidade (publicações em série) 
Periodicidade Anual
530 0# - Título chave (publicações em série)
Key Title Anuário estatístico de Portugal
620 ## - Acesso pelo local
City Lisboa
675 ## - Classificação Decimal Universal (CDU)
Notação 908.469(083.4)(05)
Edição BN
Língua da edição por
702 #1 - Nome de autor-pessoa física (responsabilidade secundária)
Número de registo de entrada de autoridade 0001784
Palavra de ordem Vilares
Outra parte do nome não tomada para palavra de ordem Manuel José
Código de função Diretor / Director teatral / Realizador
712 02 - Nome de colectividade-autor (responsabilidade secundária)
Número de registo de entrada de autoridade 0001785
Palavra de ordem Instituto Nacional de Estatística
Código de função Editor comercial / Proprietário
942 ## - Elementos de entrada adicionados (Koha)
Tipo de item no Koha Livro
Exemplares
Situação do levantamento Origin of item (home branch) (coded) Biblioteca de empréstimo Código de barras Cota Circulation type (not for loan) Tipo de documento Nota do exemplar Damaged status
  Biblioteca Escolar Eng. Nuno Mergulhão Biblioteca Escolar Eng. Nuno Mergulhão BENM2689 908 POR   Livro Sem mensagem